000 00613nam a22001937a 4500
003 BD-DhJNU
005 20250123090948.0
008 250123b |||||||| |||| 00| 0 eng d
020 _a0966498003
040 _aBD-DhJNU
_bENG
_cBD-DhJNU
_dBD-DhJNU
082 _223
_a621.395
100 _aRafiquzzaman, Mohamed
245 _aFundamentals of digital logic and microcomputer design /
_cM. Rafiquzzaman
260 _aCalifornia :
_bRafi Systems, Inc.,
_c1998.
300 _axvii, 738 p. :
_bill. ;
_c25 cm.
504 _aincludes bibliographical reference and index
650 _aLogic circuits
942 _2ddc
_cBK
_n0
999 _c1175
_d1175